MARC

Tag First Indicator Second Indicator Subfields
LEADER 00000pam a2200000 a 4500
001 in00000507213
005 20151013071654.0
008 820726s1983 njuh b s00110deng
010 |a  81050652  
020 |a 0874132010 
035 |a (OCoLC)08688188 
035 |9 ACE2593AM 
039 0 |a 2  |b 3  |c 3  |d 3  |e 3 
040 |a DLC  |c DLC  |d TXA  |d UtOrBLW 
043 |a e-uk--- 
049 |a TXAM 
050 0 0 |a PR1344  |b .F64 1983 
082 0 |a 826/.3/08  |2 19 
110 2 |a Folger Shakespeare Library.  |k Manuscript.  |n V.a.321. 
245 1 2 |a A seventeenth-century letter-book :  |b a facsimile edition of Folger MS. V.a. 321 /  |c with transcript, annotation, and commentary by A.R. Braunmuller. 
264 1 |a Newark :  |b University of Delaware Press ;  |a London :  |b Associated University Presses,  |c [1983] 
264 4 |c ©1983 
300 |a 463 pages :  |b facsimiles ;  |c 25 cm. 
336 |a text  |b txt  |2 rdacontent 
337 |a unmediated  |b n  |2 rdamedia 
338 |a volume  |b nc  |2 rdacarrier 
500 |a Includes index. 
504 |a Bibliography: pages 39-46. 
600 1 0 |a Jonson, Ben,  |d 1573?-1637  |x Correspondence. 
600 1 0 |a Chapman, George,  |d 1559?-1634  |x Correspondence. 
650 0 |a English letters  |y Early modern, 1500-1700  |x Manuscripts  |x Facsimiles. 
650 0 |a Manuscripts, English  |v Facsimiles. 
650 0 |a Authors, English  |y Early modern, 1500-1700  |x Correspondence. 
651 0 |a Great Britain  |x History  |y Elizabeth, 1558-1603  |v Sources. 
651 0 |a Great Britain  |x History  |y James I, 1603-1625  |v Sources. 
700 1 |a Braunmuller, A. R.,  |d 1945- 
999 |a MARS 
999 f f |s b35779fc-014f-31a8-89c7-0bbd1ce0d608  |i 72850b3b-0b03-311e-9970-9650e4f3232e  |t 0 
952 f f |p normal  |a Texas A&M University  |b College Station  |c Sterling C. Evans Library  |d Evans: Library Stacks  |t 0  |e PR1344 .F64 1983  |h Library of Congress classification  |i unmediated -- volume  |m A14807869965 
998 f f |a PR1344 .F64 1983  |t 0  |l Evans: Library Stacks